[Event "KP 2024/25,Lazne Belohrad-TJ Hronov"]
[Site "?"]
[Date "2025.01.05"]
[Round "5.1"]
[White "Kykal, Vojtech"]
[Black "Velecky, Viktor"]
[Result "1-0"]
[WhiteElo "2012"]
[BlackElo "2062"]
[Annotator "user"]
[PlyCount "47"]
[EventDate "2025.??.??"]
[TimeControl "40/5400+30:900+30"]

{587MB} 1. c4 e5 2. g3 Nc6 3. Bg2 Nf6 4. Nc3 Bb4 5. d3 Bxc3+ 6. bxc3 Qe7 7. e4
d6 8. Ne2 b6 9. O-O h6 10. Bd2 Nd7 11. Qc2 Nd8 12. f4 Nc5 13. Rae1 h5 14. h3 h4
15. g4 Nd7 16. d4 c5 17. fxe5 dxe5 18. dxe5 Nxe5 19. Nf4 Bb7 20. Nd5 Qd7 21.
Bf4 Ndc6 22. Rd1 Qc8 23. Qf2 O-O 24. Bxe5 1-0

[Event "KP 2024/25,Lazne Belohrad-TJ Hronov"]
[Site "?"]
[Date "2025.01.05"]
[Round "5.2"]
[White "Pinkava, Josef"]
[Black "Nalevka, Petr"]
[Result "0-1"]
[WhiteElo "1912"]
[BlackElo "1957"]
[Annotator "user"]
[PlyCount "78"]
[EventDate "2025.??.??"]
[TimeControl "40/5400+30:900+30"]

{587MB} 1. e4 e6 2. d4 d5 3. exd5 exd5 4. Bd3 Nf6 5. Nf3 Bd6 6. O-O O-O 7. Bg5
Bg4 8. c3 Nbd7 9. Nbd2 c6 10. Qc2 Qc7 11. h3 Bh5 12. Rae1 Rfe8 13. Nh4 Bg6 14.
Nxg6 hxg6 15. Nf3 Nf8 16. g3 Re6 17. Rxe6 Nxe6 18. Bc1 Re8 19. Kg2 Nh5 20. Bxg6
fxg6 21. Qxg6 Qf7 22. Qxf7+ Kxf7 23. Ne5+ Ke7 24. f4 Nf6 25. g4 Ne4 26. h4 c5
27. Be3 cxd4 28. cxd4 Rc8 29. f5 Rc2+ 30. Kh3 Nf8 31. g5 Nd7 32. Ng6+ Kf7 33.
h5 Ng3 34. Rf3 Nxh5 35. Kg4 Rh2 36. Nh4 Ng3 37. Rxg3 Bxg3 38. Kxg3 Rxb2 39. Ng2
Rxa2 0-1

[Event "KP 2024/25,Lazne Belohrad-TJ Hronov"]
[Site "?"]
[Date "2025.01.05"]
[Round "5.4"]
[White "Franc, Martin"]
[Black "Dupenopulos, Karel"]
[Result "0-1"]
[WhiteElo "1826"]
[BlackElo "1866"]
[Annotator "user"]
[PlyCount "52"]
[EventDate "2025.??.??"]
[TimeControl "40/5400+30:900+30"]

{587MB} 1. e4 c6 2. d4 d5 3. exd5 cxd5 4. Nf3 Nc6 5. Be2 Bf5 6. c3 e6 7. Bf4
Bd6 8. Bxd6 Qxd6 9. O-O Nf6 10. Nbd2 O-O 11. Bb5 a6 12. Bxc6 bxc6 13. Ne5 c5
14. Ndf3 Rab8 15. b3 h6 16. Nh4 Bh7 17. f4 Ne4 18. f5 exf5 19. Nxf5 Bxf5 20.
Rxf5 Nxc3 21. Qf3 cxd4 22. Nxf7 Qe6 23. Rf1 Qe3+ 24. Kh1 Qxf3 25. R5xf3 Rbe8
26. h3 Ne4 0-1

[Event "KP 2024/25,Lazne Belohrad-TJ Hronov"]
[Site "?"]
[Date "2025.01.05"]
[Round "5.5"]
[White "Marhold, Vojtech"]
[Black "Gorecki, Janusz"]
[Result "1-0"]
[WhiteElo "1799"]
[BlackElo "1759"]
[Annotator "user"]
[PlyCount "171"]
[EventDate "2025.??.??"]
[TimeControl "40/5400+30:900+30"]

{587MB} 1. e4 {[%emt 0:00:00]} d5 2. exd5 Qxd5 3. Nc3 Qd6 4. Nf3 Nf6 5. d4 c6
6. Be2 Bf5 7. Be3 e6 8. Qd2 Be7 9. O-O O-O 10. Rfe1 Qc7 11. Nh4 Bg6 12. Nxg6
hxg6 13. Bf3 Rd8 14. Qe2 Nbd7 15. Ne4 Nxe4 16. Bxe4 Nf6 17. Bf3 Rac8 18. c3 Nh7
19. a4 a5 20. g3 Bg5 21. h4 Bxe3 22. Qxe3 Nf6 23. Qg5 Qb6 24. Qc5 Qa6 25. Be2
Qa8 26. Bf3 Rd7 27. Ra3 Rdc7 28. Kg2 Re8 29. h5 gxh5 30. Bxh5 Rce7 31. Bf3 Qd8
32. Raa1 Nd5 33. Re5 Qc7 34. Rh1 g6 35. Qa3 f6 36. Re4 Rh7 37. Rxh7 Qxh7 38.
Rh4 Qg7 39. Qb3 f5 40. c4 Nf6 41. d5 g5 42. Rh1 g4 43. Bd1 cxd5 44. cxd5 exd5
45. Qb5 Qe7 46. Bc2 Qb4 47. Qxb4 axb4 48. Bxf5 Re2 49. Rb1 Re5 50. Bd3 Kf7 51.
Rc1 Re7 52. Rc5 Ke6 53. Rb5 Rc7 54. Rxb4 Rg7 55. Kf1 Ke5 56. Rf4 Ne4 57. Bxe4
dxe4 58. Ke2 Kd4 59. Kd2 Rg6 60. Kc2 Rc6+ 61. Kb3 Rb6+ 62. Ka3 Rg6 63. a5 Kd3
64. b4 Kd4 65. Ka4 Rg5 66. Rf7 Kd3 67. Rxb7 Rf5 68. a6 Rxf2 69. Kb5 e3 70. a7
Ra2 71. Re7 e2 72. Kb6 Kd2 73. b5 e1=Q 74. Rxe1 Kxe1 75. Kb7 Kf2 76. a8=Q Rxa8
77. Kxa8 Kxg3 78. b6 Kf2 79. b7 g3 80. b8=Q g2 81. Qf4+ Ke1 82. Qg3+ Kf1 83.
Qf3+ Kg1 84. Kb7 Kh2 85. Qh5+ Kg1 86. Kc6 1-0

[Event "KP 2024/25,Lazne Belohrad-TJ Hronov"]
[Site "?"]
[Date "2025.01.05"]
[Round "5.6"]
[White "Szablewski, Krzyzstof"]
[Black "Buchar, Petr"]
[Result "1/2-1/2"]
[WhiteElo "1864"]
[BlackElo "1933"]
[Annotator "user"]
[PlyCount "29"]
[EventDate "2025.??.??"]
[TimeControl "40/5400+30:900+30"]

{587MB} 1. f4 d5 2. Nf3 c5 3. e3 Nc6 4. d4 e6 5. c3 Nf6 6. Bd3 Be7 7. O-O O-O
8. Ne5 Ne4 9. Nd2 f5 10. Qh5 Nxe5 11. fxe5 Qe8 12. Qxe8 Rxe8 13. c4 Bd7 14.
cxd5 exd5 15. Nxe4 1/2-1/2

[Event "KP 2024/25,Lazne Belohrad-TJ Hronov"]
[Site "?"]
[Date "2025.01.05"]
[Round "5.7"]
[White "Groh, Ladislav"]
[Black "Hyhlan, Jaroslav"]
[Result "1/2-1/2"]
[WhiteElo "1821"]
[BlackElo "1874"]
[Annotator "user"]
[PlyCount "99"]
[EventDate "2025.??.??"]
[TimeControl "40/5400+30:900+30"]

{587MB} 1. Nf3 d5 2. d4 c6 3. e3 Nf6 4. Bd3 Bg4 5. h3 Bh5 6. c3 Qc7 7. Nbd2 Bg6
8. Qc2 Nbd7 9. e4 dxe4 10. Nxe4 Nxe4 11. Bxe4 Bxe4 12. Qxe4 Nf6 13. Qf4 Qxf4
14. Bxf4 e6 15. O-O Rd8 16. Rfe1 Be7 17. Rad1 O-O 18. a4 Bd6 19. Bg5 h6 20. Bc1
c5 21. dxc5 Bxc5 22. b4 Bb6 23. a5 Bc7 24. c4 Rxd1 25. Rxd1 Rd8 26. Rxd8+ Bxd8
27. Kf1 Ne4 28. Be3 a6 29. Ke2 Be7 30. Kd3 f5 31. b5 Nc5+ 32. Kc3 Kf7 33. Ne5+
Ke8 34. Nd3 Ne4+ 35. Kb3 Kd7 36. f3 Nf6 37. Nc5+ Bxc5 38. Bxc5 g6 39. Bd4 Ne8
40. Be5 Nd6 41. Kb4 Nf7 42. Bg3 e5 43. Kc5 f4 44. Bf2 Nd6 45. bxa6 bxa6 46. Be1
e4 47. fxe4 Nxe4+ 48. Kd5 Nd6 49. Bd2 g5 50. h4 1/2-1/2

[Event "KP 2024/25,Lazne Belohrad-TJ Hronov"]
[Site "?"]
[Date "2025.01.05"]
[Round "5.8"]
[White "Cap, Jaroslav"]
[Black "Kykal, Zbynek"]
[Result "1-0"]
[WhiteElo "1810"]
[BlackElo "1841"]
[Annotator "user"]
[PlyCount "95"]
[EventDate "2025.??.??"]
[TimeControl "40/5400+30:900+30"]

{587MB} 1. e4 c6 2. d4 d5 3. Nd2 dxe4 4. Nxe4 Bf5 5. Ng3 Bg6 6. h4 h6 7. Nf3
Nd7 8. h5 Bh7 9. Bd3 Bxd3 10. Qxd3 Ngf6 11. Bd2 e6 12. c4 Bd6 13. Ne4 Nxe4 14.
Qxe4 Nf6 15. Qe2 Qc7 16. g3 O-O-O 17. O-O-O Rhe8 18. Bc3 Qe7 19. a3 Kb8 20. Kb1
Bc7 21. Rde1 a6 22. Nh4 Qd7 23. f4 Bb6 24. Nf3 Bc7 25. Rd1 Qe7 26. Nd2 Kc8 27.
Ne4 Kb8 28. Rhe1 Bd6 29. Qf3 Kc8 30. g4 Qc7 31. Rf1 Qe7 32. Ng3 Qc7 33. Ne2 Qe7
34. Nc1 Bc7 35. Nb3 Bb6 36. g5 Nh7 37. gxh6 gxh6 38. Rde1 Qf6 39. Ka2 Qf5 40.
Re5 Qf6 41. d5 cxd5 42. cxd5 Qe7 43. dxe6 fxe6 44. Rfe1 Qf7 45. f5 Ng5 46. Qe2
Rd6 47. Rf1 Qg8 48. Ka1 1-0

[Event "KP 2024/25,SK Jicin B-SK Lipa C"]
[Site "?"]
[Date "2025.01.05"]
[Round "5.1"]
[White "Urban, Zdenek"]
[Black "Jirasek, Pavel"]
[Result "0-1"]
[WhiteElo "2154"]
[BlackElo "2282"]
[PlyCount "78"]
[EventDate "2025.??.??"]
[SourceVersionDate "2025.01.05"]

1. d4 Nf6 2. c4 e6 3. g3 d5 4. Nf3 dxc4 5. Bg2 c5 6. O-O Nc6 7. dxc5 Qxd1 8.
Rxd1 Bxc5 9. Nbd2 c3 10. bxc3 O-O 11. Nb3 Be7 12. Nbd4 Nxd4 13. cxd4 Nd5 14.
Bb2 f5 15. Ne5 b6 16. Bxd5 exd5 17. Rac1 Ba6 18. Rc7 Bd6 19. Rd7 Rfd8 20. Rxd8+
Rxd8 21. Nc6 Rc8 22. Rc1 Rc7 23. Kf1 Bc4 24. Ne5 Bxa2 25. Rxc7 Bxc7 26. Nc6 a5
27. Ne7+ Kf7 28. Nxf5 b5 29. Ke1 b4 30. Ne3 a4 31. Nc2 Bd6 32. Kd2 Bb3 33. Na1
Bc4 34. Nc2 Ke6 35. Bc1 b3 36. Na3 Bb4+ 37. Kd1 Bc3 38. e3 Bd3 39. Bd2 Ba1 0-1

[Event "KP 2024/25,SK Jicin B-SK Lipa C"]
[Site "?"]
[Date "2025.01.05"]
[Round "5.2"]
[White "Fiedler, Bedrich"]
[Black "Sadek, Vojtech"]
[Result "1-0"]
[WhiteElo "2051"]
[BlackElo "1988"]
[PlyCount "53"]
[EventDate "2025.??.??"]
[SourceVersionDate "2025.01.05"]

1. c4 Nf6 2. g3 g6 3. Bg2 Bg7 4. Nc3 c5 5. Nf3 Nc6 6. O-O O-O 7. d4 cxd4 8.
Nxd4 Nxd4 9. Qxd4 d6 10. Qd3 Bf5 11. e4 Bd7 12. b3 Bc6 13. Bb2 Nd7 14. Qe2 a6
15. Rfd1 b5 16. cxb5 axb5 17. Nd5 Bxb2 18. Qxb2 Nb6 19. Nb4 Bb7 20. Rac1 Nd7
21. Qe2 Qa5 22. Nc6 Bxc6 23. Rxc6 Qxa2 24. Qxb5 Rfb8 25. Qd5 Qxb3 26. Rc8+ Kg7
27. Qxb3 1-0

[Event "KP 2024/25,SK Jicin B-SK Lipa C"]
[Site "?"]
[Date "2025.01.05"]
[Round "5.3"]
[White "Pochinkov, Andrey"]
[Black "Novak, Ludek"]
[Result "1-0"]
[WhiteElo "2032"]
[BlackElo "1929"]
[PlyCount "75"]
[EventDate "2025.??.??"]
[SourceVersionDate "2025.01.05"]

1. Nf3 g6 2. d4 Bg7 3. Nbd2 c5 4. e3 Nf6 5. Be2 O-O 6. O-O cxd4 7. exd4 d5 8.
Re1 Nc6 9. c3 a5 10. Bb5 Na7 11. Bf1 Bg4 12. Qb3 Qc7 13. Ne5 Nc6 14. h3 Be6 15.
f4 Rfb8 16. a4 Nh5 17. Ndf3 Ng3 18. Bd3 Ne4 19. Qc2 Nd6 20. Ng5 Bf5 21. Bxf5
gxf5 22. Qe2 Nd8 23. Qh5 h6 24. Ngf3 Ra6 25. Nh4 e6 26. g4 Ne4 27. gxf5 Ng3 28.
Qg4 Nxf5 29. Nxf5 exf5 30. Qxf5 Qe7 31. Nf3 Rg6+ 32. Kh1 Ne6 33. Qh5 Qf6 34. f5
Rg3 35. Kh2 Rxf3 36. Qxf3 Ng5 37. Bxg5 Qxg5 38. Rg1 1-0

[Event "KP 2024/25,SK Jicin B-SK Lipa C"]
[Site "?"]
[Date "5.01.??"]
[Round "5.4"]
[White "Humlicek, Vojtech"]
[Black "Cernoch, Vit"]
[Result "1-0"]
[WhiteElo "1951"]
[BlackElo "1942"]
[PlyCount "77"]
[EventDate "5.??.??"]

1. e4 e6 2. d4 d5 3. Nd2 c5 4. Ngf3 Nc6 5. exd5 exd5 6. Be2 c4 7. c3 Bd6 8. Nf1
Nge7 9. Ng3 O-O 10. O-O b5 11. b3 Qa5 12. Bd2 f5 13. a4 b4 14. cxb4 Bxb4 15.
Bxb4 Nxb4 16. bxc4 f4 17. Nh1 Bf5 18. Ne5 Rac8 19. Qd2 Qb6 20. c5 Qa5 21. Bd3
f3 22. Ng3 fxg2 23. Kxg2 Bxd3 24. Nxd3 Nec6 25. Nxb4 Qxb4 26. Qxb4 Nxb4 27.
Rac1 Rc6 28. Ne2 Rg6+ 29. Ng3 h5 30. h4 Rg4 31. c6 Nd3 32. c7 Nxc1 33. Rxc1 Rc8
34. f3 Rxd4 35. Nf5 Rc4 36. Rxc4 dxc4 37. Ne7+ Kh7 38. Nxc8 c3 39. Nd6 1-0

[Event "KP 2024/25,SK Jicin B-SK Lipa C"]
[Site "?"]
[Date "2025.01.05"]
[Round "5.5"]
[White "Fojt, Petr"]
[Black "Nemec, Otakar"]
[Result "1/2-1/2"]
[WhiteElo "2022"]
[BlackElo "1836"]
[PlyCount "61"]
[EventDate "2025.??.??"]
[SourceVersionDate "2025.01.05"]

1. e4 c5 2. Nf3 Nc6 3. d4 cxd4 4. Nxd4 Nf6 5. Nc3 e5 6. Ndb5 d6 7. Bg5 a6 8.
Na3 b5 9. Nd5 Be7 10. Bxf6 Bxf6 11. c3 O-O 12. Bd3 Rb8 13. Nc2 Bg5 14. O-O Be6
15. Nce3 Bxe3 16. Nxe3 a5 17. b3 b4 18. c4 Nd4 19. Nd5 Bxd5 20. exd5 f5 21. Kh1
Qe7 22. f4 g6 23. fxe5 dxe5 24. Rc1 Qc5 25. Qd2 Rbe8 26. Bb1 Kg7 27. Rce1 Rf7
28. Re3 Rfe7 29. Qf2 Qd6 30. Rd3 Qc5 31. Re3 1/2-1/2

[Event "KP 2024/25,SK Jicin B-SK Lipa C"]
[Site "?"]
[Date "5.01.??"]
[Round "5.6"]
[White "Tsapanidis, Vasilis"]
[Black "Kordik, Jan"]
[Result "1-0"]
[WhiteElo "1814"]
[BlackElo "1703"]
[PlyCount "95"]
[EventDate "5.??.??"]

1. e4 e6 2. d4 d5 3. Nd2 Be7 4. Ngf3 Nf6 5. e5 Nfd7 6. Bd3 c5 7. c3 Nc6 8. O-O
g5 9. h3 h5 10. Bb5 g4 11. Bxc6 bxc6 12. hxg4 hxg4 13. Nh2 Ba6 14. Re1 cxd4 15.
cxd4 g3 16. fxg3 c5 17. Ndf3 cxd4 18. Nxd4 Bc5 19. Nhf3 Qb6 20. a3 Rc8 21. b4
Bxd4+ 22. Qxd4 Rg8 23. Qxb6 Nxb6 24. Bf4 Nc4 25. Rec1 Kd7 26. a4 Nb2 27. b5 Bb7
28. Rxc8 Rxc8 29. Nd4 Rc4 30. Nb3 Kc7 31. a5 Nd3 32. a6 Ba8 33. Be3 Kb8 34. Nd2
Rc1+ 35. Rxc1 Nxc1 36. Nf3 Ne2+ 37. Kf2 Nc3 38. Nd4 Nd1+ 39. Kf3 Nxe3 40. Kxe3
Kc7 41. g4 Kd7 42. g5 Ke7 43. Kf4 Kd7 44. g6 fxg6 45. Kg5 Ke7 46. Kxg6 Kd7 47.
Kf6 Ke8 48. Kxe6 1-0

[Event "KP 2024/25,SK Jicin B-SK Lipa C"]
[Site "?"]
[Date "2025.01.05"]
[Round "5.7"]
[White "Jakubec, Vit"]
[Black "Prazak, Pavel"]
[Result "1/2-1/2"]
[WhiteElo "1465"]
[BlackElo "1841"]
[PlyCount "66"]
[EventDate "2025.??.??"]
[SourceVersionDate "2025.01.05"]

1. e4 c5 2. Nf3 d6 3. d4 cxd4 4. Nxd4 Nf6 5. Nc3 g6 6. Bc4 Bg7 7. Be3 O-O 8.
O-O Ng4 9. Bg5 Qc7 10. Be2 Nf6 11. Qd2 Nbd7 12. Nb3 a5 13. a4 Nc5 14. Nxc5 Qxc5
15. Rab1 Be6 16. b3 Rfc8 17. Nd5 Bxd5 18. exd5 Qxc2 19. Qxc2 Rxc2 20. Bxf6 Bxf6
21. Bc4 Bd4 22. Rbc1 Rb2 23. g3 Kg7 24. Kg2 Rf8 25. Rce1 Kf6 26. Re2 Rxe2 27.
Bxe2 e6 28. Rd1 Bc5 29. Bf3 h6 30. Rd3 Rb8 31. dxe6 fxe6 32. Be2 Ke7 33. Rf3 d5
1/2-1/2

[Event "KP 2024/25,SK Jicin B-SK Lipa C"]
[Site "?"]
[Date "2025.01.05"]
[Round "5.8"]
[White "Portych, Vaclav"]
[Black "Nedbal, Rudolf"]
[Result "1-0"]
[WhiteElo "1784"]
[BlackElo "1870"]
[PlyCount "21"]
[EventDate "2025.??.??"]
[SourceVersionDate "2025.01.05"]

1. c4 c5 2. Nf3 Nf6 3. Nc3 Nc6 4. g3 g6 5. Bg2 Bg7 6. O-O O-O 7. d4 cxd4 8.
Nxd4 a6 9. e3 e6 10. a3 d6 11. Bd2 1-0

[Event "KP 2024/25,SK Lomnice-J. Jaromer"]
[Site "Lomnice n. Pop."]
[Date "2025.01.05"]
[Round "5.1"]
[White "Novotny, Jaroslav"]
[Black "Cech, Pavel"]
[Result "1/2-1/2"]
[WhiteElo "2145"]
[BlackElo "2322"]
[PlyCount "43"]
[EventDate "2025.01.25"]
[WhiteTeam "Sachovy klub Lomnice nad Popelkou"]
[BlackTeam "TJ Jiskra Jaromer"]

1. c4 c6 2. Nf3 Nf6 3. Nc3 d5 4. e3 g6 5. d4 Bg7 6. Be2 O-O 7. O-O b6 8. b3 Bb7
9. Bb2 Nbd7 10. Rc1 c5 11. dxc5 Nxc5 12. b4 Ne6 13. Qb3 dxc4 14. Qxc4 Rc8 15.
Qb3 Qd6 16. Nb5 Qb8 17. Be5 Qa8 18. Qb2 a6 19. Nbd4 Nxd4 20. Bxd4 b5 21. Rxc8
Rxc8 22. Rc1 1/2-1/2

[Event "KP 2024/25,SK Lomnice-J. Jaromer"]
[Site "Lomnice n. Pop."]
[Date "2025.01.05"]
[Round "5.2"]
[White "Prouza, Pavel"]
[Black "Duczynski, Martin"]
[Result "1/2-1/2"]
[WhiteElo "1973"]
[BlackElo "2093"]
[PlyCount "50"]
[EventDate "2025.01.25"]
[WhiteTeam "TJ Jiskra Jaromer"]
[BlackTeam "Sachovy klub Lomnice nad Popelkou"]

1. d4 d5 2. c4 c6 3. Nf3 Nf6 4. Nc3 g6 5. g3 Bg7 6. Bg2 O-O 7. O-O Be6 8. cxd5
Nxd5 9. Re1 Na6 10. Ng5 Nxc3 11. bxc3 Bc4 12. Qa4 Bb5 13. Qb3 Nc7 14. a4 Ba6
15. Ba3 Nd5 16. e4 Nb6 17. e5 Nc4 18. Ne4 Nxa3 19. Qxa3 b6 20. f4 Qc7 21. Qb3
Rfd8 22. Ng5 e6 23. Ne4 Bd3 24. Nf2 Ba6 25. Ne4 Bd3 1/2-1/2

[Event "KP 2024/25,SK Lomnice-J. Jaromer"]
[Site "Lomnice n. Pop."]
[Date "2025.01.05"]
[Round "5.3"]
[White "Volman, Vaclav"]
[Black "Prouza, Tomas"]
[Result "1-0"]
[WhiteElo "1958"]
[BlackElo "1950"]
[PlyCount "113"]
[EventDate "2025.01.25"]
[WhiteTeam "Sachovy klub Lomnice nad Popelkou"]
[BlackTeam "TJ Jiskra Jaromer"]

1. d4 Nf6 2. Nf3 e6 3. Bf4 b6 4. e3 Bb7 5. Be2 Be7 6. h3 Ne4 7. O-O O-O 8. Nfd2
f5 9. c4 d6 10. Bf3 Nd7 11. Nxe4 fxe4 12. Bg4 Rf6 13. Nc3 Nf8 14. d5 exd5 15.
cxd5 Ba6 16. Be2 Bxe2 17. Qxe2 Ng6 18. Bg3 Rf5 19. Qg4 Qf8 20. Qxe4 Re8 21. Qc4
Bd8 22. Rad1 h5 23. Rd4 h4 24. Bh2 Bf6 25. Rg4 Bxc3 26. Qxc3 Qf7 27. e4 Rf6 28.
f3 Qd7 29. Rc1 Re7 30. Qc6 Qd8 31. b4 Qb8 32. b5 Qf8 33. Qc3 Qe8 34. a4 Qf7 35.
Qd3 Qe8 36. Rc3 Kf7 37. Qc2 Qd8 38. Qc1 Kg8 39. Bf4 Nxf4 40. Rxf4 Rxf4 41. Qxf4
Rf7 42. Qg4 Qf6 43. Qc8+ Kh7 44. Qf5+ Qxf5 45. exf5 Kh6 46. Kf2 Kg5 47. Rc4
Kxf5 48. Rxh4 Ke5 49. Rh5+ Kd4 50. g4 Kc4 51. h4 Kb4 52. Rh7 Kxa4 53. h5 Rf8
54. Rxg7 Kxb5 55. h6 Kc5 56. h7 Rh8 57. g5 1-0

[Event "KP 2024/25,SK Lomnice-J. Jaromer"]
[Site "Lomnice n. Pop."]
[Date "2025.01.05"]
[Round "5.4"]
[White "Mares, Stepan"]
[Black "Blaha, Milan"]
[Result "1-0"]
[WhiteElo "1899"]
[BlackElo "1959"]
[PlyCount "53"]
[EventDate "2025.01.25"]
[WhiteTeam "TJ Jiskra Jaromer"]
[BlackTeam "Sachovy klub Lomnice nad Popelkou"]

1. e4 c6 2. Nf3 d5 3. Nc3 dxe4 4. Nxe4 Bf5 5. Ng3 Bg6 6. Bc4 Nd7 7. d4 e6 8.
Qe2 Ngf6 9. O-O Bd6 10. Ne5 O-O 11. c3 Re8 12. f4 Qc7 13. Bd2 Rac8 14. Rae1 c5
15. Bb3 Nb6 16. dxc5 Bxc5+ 17. Be3 Bxe3+ 18. Qxe3 Qc5 19. Qxc5 Rxc5 20. Rd1
Nfd5 21. Rd4 f6 22. Nxg6 hxg6 23. Re1 Re7 24. Ne4 Rcc7 25. g3 Kf7 26. a3 a6 27.
c4 1-0

[Event "KP 2024/25,SK Lomnice-J. Jaromer"]
[Site "Lomnice n. Pop."]
[Date "2025.01.05"]
[Round "5.5"]
[White "Spinka, Petr"]
[Black "Zeman, Vojtech"]
[Result "1-0"]
[WhiteElo "1955"]
[BlackElo "1729"]
[PlyCount "61"]
[EventDate "2025.01.25"]
[WhiteTeam "Sachovy klub Lomnice nad Popelkou"]
[BlackTeam "TJ Jiskra Jaromer"]

1. d4 Nf6 2. Nf3 d5 3. c3 h6 4. Bf4 Bf5 5. e3 e6 6. Qb3 Qc8 7. Nbd2 c5 8. Bxb8
Rxb8 9. Bb5+ Ke7 10. Ne5 g5 11. dxc5 Qxc5 12. Ndf3 Bg7 13. Nd4 Be4 14. O-O a6
15. Bxa6 Nh7 16. Nd3 Qd6 17. Bb5 Bxd3 18. Bxd3 g4 19. Nb5 Qe5 20. Qb4+ Kf6 21.
Qxg4 Rbg8 22. Bxh7 Rxh7 23. Qd4 Ke7 24. Qc5+ Kd7 25. f4 Qb8 26. e4 b6 27. Qe3
Bf8 28. exd5 exd5 29. Qd3 Rhg7 30. Qxd5+ Kc8 31. Qc6+ 1-0

[Event "KP 2024/25,SK Lomnice-J. Jaromer"]
[Site "Lomnice n. Pop."]
[Date "2025.01.05"]
[Round "5.6"]
[White "Boruvka, Milan"]
[Black "Laska, Tomas"]
[Result "0-1"]
[WhiteElo "1922"]
[BlackElo "1929"]
[PlyCount "52"]
[EventDate "2025.01.25"]
[WhiteTeam "TJ Jiskra Jaromer"]
[BlackTeam "Sachovy klub Lomnice nad Popelkou"]

1. e4 c5 2. Nc3 Nc6 3. Bb5 Nd4 4. Nf3 Nxb5 5. Nxb5 a6 6. Nc3 d6 7. d4 cxd4 8.
Qxd4 e5 9. Qd3 h6 10. Be3 Nf6 11. Rd1 Be6 12. O-O Qc7 13. Nd2 Be7 14. f4 Ng4
15. f5 Nxe3 16. Qxe3 d5 17. Qg3 d4 18. Qxg7 O-O-O 19. fxe6 dxc3 20. Nf3 cxb2
21. Qxe5 Qxc2 22. Rb1 Qc5+ 23. Kh1 Qxe5 24. Nxe5 fxe6 25. Nf7 Rhf8 26. Rxb2
Rxf7 0-1

[Event "KP 2024/25,SK Lomnice-J. Jaromer"]
[Site "Lomnice n. Pop."]
[Date "2025.01.05"]
[Round "5.7"]
[White "Pospisil, Jiri"]
[Black "Marxova, Sarka"]
[Result "0-1"]
[WhiteElo "1840"]
[BlackElo "1623"]
[PlyCount "90"]
[EventDate "2025.01.25"]
[WhiteTeam "Sachovy klub Lomnice nad Popelkou"]
[BlackTeam "TJ Jiskra Jaromer"]

1. e4 c5 2. g3 Nc6 3. Bg2 Nf6 4. Nc3 d6 5. d3 g6 6. Nge2 Bg7 7. O-O O-O 8. Bd2
a6 9. a3 Rb8 10. Qc1 Re8 11. Nf4 b5 12. Ncd5 e6 13. Nxf6+ Bxf6 14. c3 Bb7 15.
Ne2 d5 16. f4 Bg7 17. f5 dxe4 18. fxg6 fxg6 19. Bxe4 Ne5 20. Bf4 Bxe4 21. dxe4
Nd3 22. Qd2 e5 23. Bg5 Qd7 24. Rf3 c4 25. Raf1 Qc6 26. Bh6 Rf8 27. Bxg7 Kxg7
28. Qg5 Qc5+ 29. Nd4 h6 30. Qg4 Rxf3 31. Qd7+ Kh8 32. Rxf3 Rf8 33. Rf7 Rxf7 34.
Qxf7 exd4 35. Qf6+ Kg8 36. cxd4 Qg5 37. Qe6+ Kf8 38. Qd6+ Kf7 39. e5 Qe3+ 40.
Kg2 Qf2+ 41. Kh3 Qf1+ 42. Kh4 g5+ 43. Kg4 Qe2+ 44. Kh3 Nf2+ 45. Kg2 Ne4+ 0-1

[Event "KP 2024/25,SK Lomnice-J. Jaromer"]
[Site "Lomnice n. Pop."]
[Date "2025.01.05"]
[Round "5.8"]
[White "Kunes, Jan"]
[Black "Hyska, Pavel"]
[Result "1-0"]
[WhiteElo "1885"]
[BlackElo "1859"]
[PlyCount "61"]
[EventDate "2025.01.25"]
[WhiteTeam "TJ Jiskra Jaromer"]
[BlackTeam "Sachovy klub Lomnice nad Popelkou"]

1. e4 d6 2. d4 Nf6 3. Nc3 Nbd7 4. Nf3 e5 5. Bc4 Be7 6. Bg5 c6 7. Bb3 h6 8. Bh4
Qc7 9. O-O Nf8 10. dxe5 dxe5 11. Bg3 Ng6 12. h3 O-O 13. Nh4 Nxh4 14. Bxh4 b5
15. Bxf6 Bxf6 16. Qh5 a5 17. a4 b4 18. Ne2 Ba6 19. Rfd1 g6 20. Qxg6+ Bg7 21.
Ng3 Kh8 22. Qh5 Bc8 23. Rd2 Be6 24. Rad1 Rad8 25. Rxd8 Rxd8 26. Rxd8+ Qxd8 27.
Bxe6 fxe6 28. Qf7 Qg8 29. Qc7 Bf6 30. Nh5 Qd8 31. Qf7 1-0

[Event "KP 2024/25,SSPM Lipky C-Panda RK B"]
[Site "?"]
[Date "2025.01.05"]
[Round "5.1"]
[White "Nun, Jiri"]
[Black "Horak, Jan"]
[Result "1-0"]
[WhiteElo "2224"]
[BlackElo "2138"]
[PlyCount "89"]
[EventDate "2025.??.??"]
[SourceVersionDate "2025.01.05"]

1. e4 e6 2. d4 d5 3. e5 c5 4. c3 Nc6 5. Nf3 Bd7 6. Bd3 Rc8 7. dxc5 Qc7 8. Bf4
Bxc5 9. O-O a6 10. Nbd2 Nge7 11. Bg3 Ng6 12. Qe2 Qd8 13. h4 Be7 14. h5 Nh4 15.
Nxh4 Bxh4 16. Qg4 Bg5 17. Nf3 Bh6 18. Rfe1 f5 19. exf6 Qxf6 20. Bh4 Qf7 21. Bf5
O-O 22. Bxe6 Bxe6 23. Qxe6 Qxe6 24. Rxe6 Rce8 25. Rxe8 Rxe8 26. Kf1 Rf8 27. Rd1
Rf5 28. Ke2 Ne5 29. Rxd5 Nxf3 30. Rxf5 Nxh4 31. Rc5 Nxg2 32. Rc8+ Kf7 33. Rc7+
Ke6 34. Rxb7 Nf4+ 35. Kf3 Nd3 36. b4 Kd5 37. Rb6 Ne5+ 38. Ke2 Kc4 39. Rxa6 Kxc3
40. b5 Nd7 41. Ra7 Nc5 42. Kf3 Ne6 43. b6 Nd4+ 44. Ke4 Ne6 45. Rc7+ 1-0

[Event "KP 2024/25,SSPM Lipky C-Panda RK B"]
[Site "?"]
[Date "2025.01.05"]
[Round "5.2"]
[White "Zelba, Lukas"]
[Black "Ptacek, Tomas"]
[Result "1-0"]
[WhiteElo "2032"]
[BlackElo "2091"]
[PlyCount "84"]
[EventDate "2025.??.??"]
[SourceVersionDate "2025.01.05"]

1. e4 e6 2. d4 d5 3. e5 c5 4. c3 Nc6 5. Nf3 Qb6 6. Bd3 Bd7 7. O-O cxd4 8. Re1
Rc8 9. Nbd2 dxc3 10. bxc3 Bc5 11. Rb1 Bxf2+ 12. Kf1 Qc5 13. Rb5 Qxc3 14. Rb3
Qa5 15. Kxf2 Nb4 16. Qe2 Nh6 17. h3 Ba4 18. Ra3 Qc5+ 19. Qe3 Nxd3+ 20. Rxd3
Qxe3+ 21. Rdxe3 Nf5 22. Ra3 b5 23. Bb2 Kd7 24. g4 Ne7 25. Nd4 h5 26. g5 a6 27.
Rf3 Rhf8 28. Ba3 Bc2 29. Rc1 Bg6 30. Bxe7 Kxe7 31. Rfc3 Kd7 32. N2b3 Rc4 33.
Rxc4 dxc4 34. Nc5+ Kc7 35. Ke3 Ra8 36. Ne4 Bxe4 37. Kxe4 Kb6 38. g6 fxg6 39.
Nxe6 a5 40. Kd5 a4 41. Rb1 a3 42. Nd4 Rc8 1-0

[Event "KP 2024/25,SSPM Lipky C-Panda RK B"]
[Site "?"]
[Date "2025.01.05"]
[Round "5.3"]
[White "Novak, Radomir"]
[Black "Kroulik, Vaclav"]
[Result "1/2-1/2"]
[WhiteElo "2067"]
[BlackElo "1996"]
[PlyCount "107"]
[EventDate "2025.??.??"]
[SourceVersionDate "2025.01.05"]

1. d4 Nf6 2. c4 e6 3. Nc3 Bb4 4. Bd2 O-O 5. Nf3 d5 6. e3 b6 7. cxd5 exd5 8. Bd3
Bb7 9. Rc1 a6 10. O-O Nbd7 11. Qa4 Bd6 12. b4 Ne4 13. Be1 Ndf6 14. Qb3 Qe7 15.
Ne2 Rfe8 16. a4 g6 17. Rb1 Ng4 18. Nf4 Ng5 19. Nxg5 Qxg5 20. Bd2 Nf6 21. Qd1
Ne4 22. f3 Nxd2 23. Qxd2 Re7 24. g3 Rae8 25. Ng2 c5 26. bxc5 bxc5 27. Rb6 Rd7
28. Bxa6 Bxa6 29. Rxa6 cxd4 30. Qxd4 Rc8 31. Qd3 Qe7 32. Rd1 Bc5 33. Kh1 Rdd8
34. Ra5 d4 35. e4 Bb4 36. Rd5 Rxd5 37. exd5 Bc3 38. Nf4 Qb4 39. Ne2 Qxa4 40.
Nxd4 Bxd4 41. Qxd4 Qxd4 42. Rxd4 Kf8 43. d6 Rd8 44. Kg2 Ke8 45. Kh3 Kd7 46. Kg4
h6 47. h4 Ke6 48. h5 Rxd6 49. Re4+ Kf6 50. f4 Rd5 51. hxg6 fxg6 52. Ra4 h5+ 53.
Kh4 Rd6 54. Ra5 1/2-1/2

[Event "KP 2024/25,SSPM Lipky C-Panda RK B"]
[Site "?"]
[Date "2025.01.05"]
[Round "5.4"]
[White "Zelbova, Lada"]
[Black "Sprinar, Michal"]
[Result "1/2-1/2"]
[WhiteElo "1928"]
[BlackElo "1982"]
[PlyCount "61"]
[EventDate "2025.??.??"]
[SourceVersionDate "2025.01.05"]

1. d4 Nf6 2. Nf3 g6 3. Bg5 Bg7 4. Nbd2 d5 5. e3 Ne4 6. Nxe4 dxe4 7. Nd2 h6 8.
Bh4 O-O 9. Bc4 Kh7 10. Nxe4 f5 11. Nd2 g5 12. Bxg5 hxg5 13. Qh5+ Bh6 14. Nf3 e6
15. h4 g4 16. Ng5+ Kg7 17. Bxe6 Qe8 18. Qxe8 Rxe8 19. Bb3 Nc6 20. O-O-O Nd8 21.
Kd2 Be6 22. Nxe6+ Nxe6 23. Bxe6 Rxe6 24. g3 Rd8 25. Kd3 Kf6 26. Rdg1 Re4 27. c3
b5 28. Rg2 c5 29. Rgg1 Rd6 30. a3 Re8 31. Rc1 1/2-1/2